Actors who worked with Pete Doctor - Statistics

General Stats
  • This quiz has been taken 8 times
  • The average score is 11 of 35
Answer Stats
Film(s) Answer % Correct
Monsters Inc John Goodman
100%
Monsters Inc Billy Crystal
86%
Soul Tina Fey
86%
Inside Out Amy Poehler
71%
Soul Jamie Foxx
71%
Monsters Inc Jennifer Tilly
71%
Monsters Inc Steve Buscemi
71%
Inside Out Bill Hader
57%
Up Ed Asner
57%
Inside Out Mindy Kaling
57%
Monsters Inc James Coburn
43%
Inside Out Richard Kind
43%
Up Christopher Plummer
29%
Monsters Inc Frank Oz
29%
Monsters Inc, Up, Inside Out, John Ratzenberger
29%
Up Jordan Nagai
29%
Inside Out Kyle MacLachlan
29%
Inside Out Lewis Black
29%
Inside Out Phyllis Smith
29%
Monsters Inc, Up Bob Peterson
14%
Monsters Inc Bonnie Hunt
14%
Soul Graham Norton
14%
Monsters Inc Mary Gibbs
14%
Soul Rachel House
14%
Inside Out Rashida Jones
14%
Soul Alice Braga
0%
Soul Daveed Diggs
0%
Inside Out Diane Lane
0%
Soul Donnell Rawlings
0%
Soul Fortune Feimster
0%
Soul Phylicia Rashad
0%
Soul Questlove
0%
Soul Richard Ayoade
0%
Soul Wes Studi
0%
Soul Zenobia Shroff
0%
No matching quizzes found
Score Distribution
Percent of People with Each Score
Percentile by Number Answered
Your Score History
You have not taken this quiz